Matemática básica 101
Uloženo v:
| Hlavní autor: | |
|---|---|
| Další autoři: | |
| Médium: | Kniha |
| Jazyk: | španělština |
| Vydáno: |
Valparaíso
Escuela Naval Arturo Prat
1974
|
| Témata: | |
| Tagy: |
Přidat tag
Žádné tagy, Buďte první, kdo vytvoří štítek k tomuto záznamu!
|
MARC
| LEADER | 00000nam a2200000 a 4500 | ||
|---|---|---|---|
| 001 | UCQ8691 | ||
| 003 | CL-VaPUC | ||
| 008 | 981217e19740000CL |||||||||||||||||spa|d | ||
| 082 | 0 | 4 | |a 510 |b DIA |2 21 |
| 100 | 0 | |a Díaz Meléndez, Aldo |e author |9 422789 | |
| 700 | |a Giudici Espinoza, Reinaldo Horacio |e autor |9 541359 | ||
| 245 | 1 | 0 | |a Matemática básica 101 |
| 300 | |a 192 p | ||
| 942 | |c BK | ||
| 945 | |d 19981217 00:00:00 |a cmena | ||
| 260 | |a Valparaíso |b Escuela Naval Arturo Prat |c 1974 | ||
| 650 | 0 | |a Matemática |9 260235 | |
| 650 | 0 | |a Métodos de enseñanza |9 270413 | |
| 650 | 0 | |a Matemáticas |x Enseñanza |9 875527 | |
| 583 | |a last modification |c 19981217 00:00:00 |k Rodrigo Vera | ||
| 999 | |c 277877 |d 277875 | ||
| 952 | |0 0 |1 0 |4 0 |6 510_000000000000000_DIA_1974 |7 0 |8 A |9 316136 |a BIBMAT |b BIBMAT |d 2019-11-20 |i 1307681 |o 510 DIA 1974 |p 1307681 |r 2025-01-07 |w 2019-11-20 |y BK |k MAT | ||
| 952 | |0 0 |1 0 |4 0 |6 510_000000000000000_DIA_1974 |7 0 |8 A |9 316137 |a BIBMAT |b BIBMAT |d 2019-11-20 |i 130769K |o 510 DIA 1974 |p 130769K |r 2025-01-07 |w 2019-11-20 |y BK |k MAT | ||